| 000 | 00607nam a2200181Ia 4500 | ||
|---|---|---|---|
| 008 | 140609s9999 xx 000 0 und d | ||
| 020 | _a9789712335648 | ||
| 050 |
_aQD 31.2 _b.Sa237 2003 |
||
| 100 | _aSantos, Gil Nonato C. | ||
| 245 |
_aE-chemistry : _bthe next generation / _cGil Nonato C. Santos, Gizelle B. Lebron, Jorge P. Ocampo |
||
| 260 |
_aQuezon City, Philippines : _bRex Book Store, _cc2003. |
||
| 300 |
_a359 p. : _bill. ; _c26 cm. |
||
| 440 | _a(RBS science and technology series). | ||
| 500 | _aIncludes bibliographical references. | ||
| 521 | _aGE | ||
| 942 |
_kLOC _cBK |
||
| 999 |
_c118023 _d118023 |
||